[Event "Budapest FS11 IM-B"]
[Site "Budapest"]
[Date "1993.??.??"]
[Round "1"]
[White "Schneider, Attila"]
[Black "Kahn, Evarth"]
[Result "1/2-1/2"]
[WhiteElo "2390"]
[BlackElo "2390"]

1.c4 g6 2.g3 Bg7 3.Bg2 Nf6 4.Nf3 O-O 5.O-O d6 6.d4 Nbd7 7.Qc2 e5 8.Rd1 Qe7
9.Nc3 c6 10.e4 h6 11.b3 Nh7 12.Ba3 Ng5 13.Nxg5 hxg5 14.dxe5 Bxe5 15.Qd2 Qf6
16.Rac1 Nc5 17.f3 Ne6 18.Ne2 c5 19.Rf1 Nd4 20.Nc3 Qh8 21.Bb2 Qh5 22.Ne2 Nxe2+
23.Qxe2 Be6 24.Rcd1 b6 25.Rd2 Rfe8 26.Qf2 Qh8 27.Rfd1 Qf6 28.Rf1 Qh8 29.Rb1 Qh6
30.Qe3 Qh5 31.Bc3 Rac8 32.Rbd1 Qh6 33.Bxe5 dxe5 34.h4 f6 35.Rd6 Rc7 36.Rd8 Re7
37.R1d6 Kg7 38.hxg5 Qxg5 39.Qxg5 fxg5 40.Kf2 Rxd8 41.Rxd8 Rd7  1/2-1/2

[Event "Budapest FS05 IM"]
[Site "Budapest"]
[Date "1993.??.??"]
[Round "2"]
[White "Fancsy, Imre"]
[Black "Mester, Gyula"]
[Result "0-1"]
[WhiteElo "2300"]
[BlackElo "2290"]

1.Nf3 Nf6 2.c4 g6 3.g3 Bg7 4.Bg2 O-O 5.d4 d6 6.Nc3 c5 7.O-O Nc6 8.dxc5 dxc5
9.Be3 Be6 10.Qa4 Nd4 11.Rac1 Ng4 12.Bf4 Qb6 13.b3 Rac8 14.Ng5 Bf5 15.e3 e5
16.h3 Nh6 17.exd4 exf4 18.dxc5 Qxc5 19.gxf4 Rcd8 20.Nd5 Bd7 21.Qb4 Qxb4 22.Nxb4 Nf5
23.Bxb7 Nd4 24.c5 Ne2+ 25.Kg2 Nxf4+ 26.Kh1 h6 27.Ne4 Bxh3 28.Rfd1 Be5 29.Nd6 Rb8
30.Na6 Rxb7 31.Nxb7 Bg2+ 32.Kg1 Bxb7 33.Re1 Nh3+ 34.Kf1 Bxa6+ 35.Rc4 Bxc4+
36.bxc4 f6 37.Kg2 Nf4+  0-1

[Event "Budapest Statistika"]
[Site "Budapest"]
[Date "1993.??.??"]
[Round "3"]
[White "Kraschl, Joerg"]
[Black "Koerholz, Ludger"]
[Result "0-1"]
[WhiteElo "2225"]
[BlackElo "2295"]

1.c4 Nf6 2.Nf3 g6 3.g3 Bg7 4.Bg2 O-O 5.O-O c5 6.d4 d6 7.Nc3 Nc6 8.d5 Na5
9.Nd2 e5 10.e4 Ng4 11.h3 Nh6 12.b3 a6 13.Bb2 Rb8 14.Qc2 b5 15.Rab1 Rb7 16.Ne2 f5
17.exf5 Bxf5 18.Ne4 bxc4 19.bxc4 Rb4 20.Bc3 Rxc4 21.Qd3 Ra4 22.Qxa6 Bxe4
23.Bxe4 Rxe4 24.Bxa5 Qa8 25.Qxa8 Rxa8 26.Nc3 Rc4 27.Rb5 Nf5 28.Nd1 Nd4  0-1

[Event "Budapest FS11 GM"]
[Site "Budapest"]
[Date "1993.??.??"]
[Round "3"]
[White "Anic, Darko"]
[Black "Sutovskij, Emil"]
[Result "1/2-1/2"]
[WhiteElo "2440"]
[BlackElo "2410"]

1.Nf3 Nf6 2.c4 g6 3.g3 Bg7 4.Bg2 O-O 5.O-O d6 6.d4 Nbd7 7.Nc3 e5 8.h3 c6
9.e4 Re8 10.Re1 exd4 11.Nxd4 Nc5 12.Qc2 Qe7 13.b4 Ne6 14.Nb3 Nd7 15.Be3 Ng5
16.Qd2 Qf6 17.Nd4 Ne6 18.Rad1 Ne5 19.Qe2 Nxd4 20.Bxd4 Qe6 21.Bf1 f6 22.f4 Nf7
23.Qf2 b6 24.f5 Qe7 25.b5 Bb7 26.bxc6 Bxc6 27.Nd5 Bxd5 28.exd5 Ne5 29.Bxe5 fxe5
30.fxg6 hxg6 31.Bd3 Rf8 32.Qe3 Rf6 33.h4 Raf8 34.Rf1 Qd7 35.Rxf6 Rxf6 36.Rf1 Qg4
37.Kg2 Rxf1 38.Kxf1 Bh6 39.Qe4 Qxg3 40.Qxg6+ Qxg6 41.Bxg6 Bg7 42.Be4  1/2-1/2

[Event "Budapest FS08 GM"]
[Site "Budapest"]
[Date "1993.??.??"]
[Round "3"]
[White "Vadasz, Laszlo"]
[Black "Mrva, Martin"]
[Result "0-1"]
[WhiteElo "2400"]
[BlackElo "2355"]

1.Nf3 Nf6 2.c4 g6 3.g3 Bg7 4.Bg2 O-O 5.O-O d6 6.d4 Bg4 7.h3 Bxf3 8.Bxf3 Nc6
9.Nc3 Nd7 10.Be3 e5 11.Bxc6 bxc6 12.Qd2 f5 13.dxe5 Bxe5 14.Rad1 Qf6 15.Na4 Qe6
16.b3 f4 17.Bxf4 Bxf4 18.gxf4 Qxh3 19.Qe3 Qg4+ 20.Qg3 Rxf4 21.Qxg4 Rxg4+
22.Kh2 Re8 23.Rfe1 Re5 24.Rd3 Rf5 25.Rf1 Ne5 26.Rg3 Rh4+ 27.Kg2 Ng4 28.f4 Nf6
29.e3 Ne4 30.Rh3 Rxh3 31.Kxh3 Kg7 32.Rc1 Kf6 33.Nc3 Nxc3 34.Rxc3 Ra5 35.e4 Rxa2
36.Kg3 Ra3 37.Kg4 c5 38.Re3 a5 39.e5+ dxe5 40.Rxe5 Rxb3 41.Rxc5 h5+ 42.Kh4 Rf3
43.Rxc7 Rxf4+ 44.Kg3 Rd4 45.Kf3 Rd8 46.Ke4 Ra8 47.Rb7 a4 48.Kd5 a3 49.Rb1 a2
50.Ra1 h4 51.c5 h3 52.c6 h2 53.c7 Rc8  0-1

[Event "Statistika"]
[Site "Budapest"]
[Date "1993.??.??"]
[Round "4"]
[White "Fancsy, Imre"]
[Black "Schebler, Gerhard"]
[Result "1-0"]
[WhiteElo "2300"]
[BlackElo "2365"]

1.Nf3 Nf6 2.c4 g6 3.g3 Bg7 4.Bg2 O-O 5.d4 d6 6.O-O c6 7.Nc3 Qa5 8.h3 Be6
9.Qd3 Na6 10.e4 d5 11.cxd5 Nb4 12.Qe2 cxd5 13.Ng5 Bd7 14.e5 Ne4 15.Ngxe4 dxe4
16.Rd1 f5 17.exf6 exf6 18.Nxe4 Bb5 19.Qe1 Rfe8 20.Bd2 f5 21.Bxb4 Qa6 22.f3 Rad8
23.Bc3 Bh6 24.d5 fxe4 25.fxe4 Be2 26.Rd2 Bxd2 27.Qxd2 Qc4 28.Re1 Bd3 29.Qf4 Qa6
30.Kh2 Rd7 31.Qf2 h5 32.Qd4 Kh7 33.e5 Qc4 34.Qe3 Bf5 35.Rd1 b5 36.a3 Red8
37.e6 Rxd5 38.Rxd5 Rxd5 39.Bxd5 Qxd5 40.e7 Bxh3  1-0

[Event "Budapest FS03 GM"]
[Site "Budapest"]
[Date "1993.??.??"]
[Round "4"]
[White "Loginov, Valery A"]
[Black "Horvath, Jozsef"]
[Result "0-1"]
[WhiteElo "2505"]
[BlackElo "2535"]

1.Nf3 Nf6 2.g3 g6 3.c4 Bg7 4.Bg2 O-O 5.O-O c6 6.d4 d5 7.Qb3 dxc4 8.Qxc4 Na6
9.Nc3 Be6 10.Qa4 Qb6 11.Rd1 Rad8 12.e4 Bg4 13.Be3 Qxb2 14.Rab1 Qxc3 15.Rdc1 Nxe4
16.Rxb7 Qd3 17.Ne1 Nc3 18.Nxd3 Nxa4 19.Rxa7 Bc8 20.Ne5 Nc3 21.Bf1 Nxa2 22.Rxc6 N6b4
23.Rc5 Be6 24.Rxe7 Nd5 25.Ra7 Bxe5 26.dxe5 Nxe3 27.fxe3 Rd2 28.Bc4 Bxc4 29.Rxc4 Rb8
30.Rf4 Rb1+ 31.Rf1 Rxf1+ 32.Kxf1 Nc3 33.Ra8+ Kg7 34.Ra7 Ra2 35.Rd7 Ra6 36.Kf2 Re6  0-1

[Event "Budapest FS09 GM"]
[Site "Budapest"]
[Date "1993.??.??"]
[Round "4"]
[White "Schwarz, Michael"]
[Black "Afek, Yochanan"]
[Result "1-0"]
[WhiteElo "2405"]
[BlackElo "2430"]

1.c4 Nf6 2.g3 g6 3.Bg2 Bg7 4.Nf3 O-O 5.O-O d6 6.d4 c5 7.dxc5 dxc5 8.Nc3 Nc6
9.Be3 Be6 10.Qa4 Nd4 11.Rad1 Bd7 12.Qa3 Nc2 13.Qxc5 b6 14.Qg5 h6 15.Qe5 Ng4
16.Qe4 Ncxe3 17.fxe3 Bxc3 18.bxc3 Bf5 19.Qf4 Qb8 20.Nd2 Qxf4 21.exf4 Rad8
22.e4 Be6 23.f5 Bc8 24.Rfe1 gxf5 25.h3 Ne5 26.exf5 Nd3 27.Re2 Nb2 28.Rf1 Ba6
29.f6 e6 30.Rf4 Rd3 31.Rg4+ Kh8 32.Rh4 Rfd8 33.Rxh6+ Kg8 34.Nf1  1-0

[Event "Budapest FS11 GM"]
[Site "Budapest"]
[Date "1993.??.??"]
[Round "4"]
[White "Vadasz, Laszlo"]
[Black "Sutovskij, Emil"]
[Result "0-1"]
[WhiteElo "2400"]
[BlackElo "2410"]

1.Nf3 Nf6 2.c4 g6 3.g3 Bg7 4.Bg2 O-O 5.O-O d6 6.Nc3 e5 7.d4 Nbd7 8.Qc2 c6
9.Rd1 Qe7 10.e4 exd4 11.Nxd4 Ne5 12.b3 Bg4 13.Rf1 c5 14.Nde2 Nf3+ 15.Kh1 Nd4
16.Nxd4 cxd4 17.Na4 Rac8 18.Nb2 b5 19.Bg5 h6 20.Bxf6 Bxf6 21.Qd2 d3 22.f3 Be6
23.Rac1 Bxb2 24.Qxb2 bxc4 25.bxc4 Bxc4 26.Rfd1 Qe5 27.Qd2 d5 28.f4 Qd4 29.exd5 Bxd5
30.Rxc8 Rxc8 31.Qxd3 Qxd3  0-1

[Event "Budapest FS10 GM"]
[Site "Budapest"]
[Date "1993.??.??"]
[Round "4"]
[White "Anic, Darko"]
[Black "Avrukh, Boris"]
[Result "1-0"]
[WhiteElo "2440"]
[BlackElo "2440"]

1.Nf3 Nf6 2.c4 g6 3.g3 Bg7 4.Bg2 O-O 5.O-O d6 6.d4 Nc6 7.Nc3 a6 8.h3 Rb8
9.Be3 b5 10.Nd2 Bd7 11.cxb5 axb5 12.Nb3 Qc8 13.Kh2 Qa6 14.a3 e5 15.d5 Ne7
16.Na2 e4 17.Nc3 Rfe8 18.Qd2 b4 19.Nxe4 Nxe4 20.Bxe4 Qc4 21.Nd4 Nxd5 22.Bd3 Qc5
23.Ne6 Qc6 24.Nxg7 Nxe3 25.fxe3 Kxg7 26.axb4 Qb6 27.Qc3+ Re5 28.Ra6 Qb7 29.Rc1 Qxb4
30.Qxb4 Rxb4 31.Rxc7 Bf5 32.Raa7 Bxd3 33.Rxf7+ Kh6 34.h4 Kh5 35.exd3 Rxe3
36.Rab7 Re2+ 37.Kh3 Rxb7 38.Rxb7 Kh6 39.Rd7 Rd2 40.Rxd6 Rxb2 41.Rd7 Rf2 42.Kg4 Rf5
43.d4 Rf1 44.d5 Rf5 45.Kh3 Rf1 46.Kg2 Rf6 47.Rc7 Rf5 48.d6 Rd5 49.d7 Rd1
50.Kf3 g5 51.Ke4 gxh4 52.gxh4 Rd2 53.Ke5 Kh5 54.Rc5 Rxd7 55.Ke6+ Kxh4 56.Kxd7 h5
57.Ke6 Kg4 58.Rc4+ Kg3 59.Kf5 h4 60.Rc3+  1-0

[Event "Budapest FS06 GM"]
[Site "Budapest"]
[Date "1993.??.??"]
[Round "5"]
[White "Barkhagen, Jonas"]
[Black "Loginov, Valery A"]
[Result "0-1"]
[WhiteElo "2410"]
[BlackElo "2505"]

1.Nf3 Nf6 2.g3 g6 3.Bg2 Bg7 4.c4 O-O 5.Nc3 d6 6.d4 Nbd7 7.O-O e5 8.h3 c6
9.dxe5 dxe5 10.Ng5 Qe7 11.Be3 Ne8 12.Qd2 f5 13.Nf3 Nd6 14.Bg5 Nf6 15.b3 Nf7
16.Be3 Nh5 17.Na4 b6 18.Rad1 Be6 19.Ng5 f4 20.Nxe6 Qxe6 21.gxf4 Rad8 22.Qc1 Rxd1
23.Rxd1 exf4 24.Bxf4 Qxe2 25.Be3 Ne5 26.a3 Nf3+ 27.Kh1 Re8 28.Rd3 Qxd3 29.Bxf3 Qxb3
30.Bxc6 Rd8 31.Bd5+ Kh8  0-1

[Event "Budapest FS07 GM"]
[Site "Budapest"]
[Date "1993.??.??"]
[Round "5"]
[White "Vadasz, Laszlo"]
[Black "Csom, Istvan"]
[Result "1/2-1/2"]
[WhiteElo "2400"]
[BlackElo "2475"]

1.Nf3 Nf6 2.c4 g6 3.g3 Bg7 4.Bg2 O-O 5.O-O c6 6.d4 d5 7.cxd5 cxd5 8.Ne5 Ne4
9.Nd2 Nxd2 10.Bxd2 Qb6 11.Bc3 e6 12.Qd2 Nd7 13.Nxd7 Bxd7 14.e3  1/2-1/2

[Event "Budapest FS09 GM"]
[Site "Budapest"]
[Date "1993.??.??"]
[Round "5"]
[White "Loginov, Valery A"]
[Black "Schaefer, Markus"]
[Result "1-0"]
[WhiteElo "2505"]
[BlackElo "2455"]

1.Nf3 Nf6 2.g3 g6 3.c4 Bg7 4.Bg2 O-O 5.O-O d6 6.d4 Nbd7 7.Qc2 e5 8.Rd1 Qe7
9.Nc3 c6 10.b3 Re8 11.e4 exd4 12.Nxd4 Nc5 13.f3 a5 14.Be3 Nfd7 15.Bf2 Ne5
16.h3 a4 17.Rab1 axb3 18.axb3 Na6 19.Na2 Nc7 20.f4 c5 21.Nb5 Nxb5 22.cxb5 Nd7
23.Rd2 Nf6 24.Nc3 Ra3 25.Qc1 Ra5 26.Qd1 Be6 27.Rxd6 Ng4 28.hxg4 Bxc3 29.e5 Bb4
30.Rb6 Rd8 31.Qf3 Bc8 32.Rd1 Ra2 33.Rxd8+ Qxd8 34.Rd6 Qe7 35.Rd1 Kg7 36.f5 Qxe5
37.Rd8 Ra8 38.f6+ Kh6 39.g5+  1-0

[Event "Budapest FS07 IM-B"]
[Site "Budapest"]
[Date "1993.??.??"]
[Round "6"]
[White "Almasi, Istvan"]
[Black "Szilardfy, Gyula"]
[Result "1-0"]
[WhiteElo "2400"]
[BlackElo "2290"]

1.c4 g6 2.g3 Bg7 3.Bg2 Nf6 4.Nf3 O-O 5.O-O d6 6.Nc3 e5 7.d3 Nbd7 8.Rb1 a5
9.a3 Re8 10.Ne1 Nc5 11.b4 axb4 12.axb4 Ne6 13.Nc2 Nh5 14.Bd2 f5 15.b5 Kh8
16.Nb4 Rb8 17.Ra1 f4 18.Ra7 Ng5 19.Ne4 Nxe4 20.dxe4 Be6 21.Nd5 Qd7 22.Ba5 Ra8
23.b6 Rxa7 24.bxa7 b6 25.Bxb6 cxb6 26.a8=Q Rxa8 27.Nxb6 Qc6 28.Nxa8 Qxa8
29.Qxd6 Bxc4 30.Rb1 Qa2 31.Rb8+ Bg8 32.Bf3 fxg3 33.hxg3 Nf6 34.Qe7 Qd2 35.Rb7 Qh6
36.Qxe5 g5 37.Qf5 g4 38.Bxg4 Qc1+ 39.Kg2 Qc6 40.Rb8 h5 41.Bf3 Qc2 42.Rc8 Qb1
43.Qg5 Qb6 44.e5 Ng4 45.Qxh5+ Nh6 46.Rc6  1-0

[Event "Budapest FS07 IM-A"]
[Site "Budapest"]
[Date "1993.??.??"]
[Round "6"]
[White "Kustar, Sandor"]
[Black "Wendt, Jan Dietrich"]
[Result "1-0"]
[WhiteElo "2335"]
[BlackElo "2100"]

1.Nf3 Nf6 2.c4 g6 3.g3 Bg7 4.Bg2 O-O 5.O-O c5 6.Nc3 Nc6 7.d4 cxd4 8.Nxd4 Ng4
9.e3 d6 10.Nde2 Be6 11.b3 h5 12.h3 Nf6 13.Bb2 Rc8 14.Qd2 Ne5 15.Nd4 Bd7 16.Rad1 Bc6
17.e4 Ned7 18.Rfe1 Kh7 19.Qe2 Qa5 20.a3 Qc7 21.Rc1 Bh6 22.Rc2 a5 23.Kh1 Qb6
24.Nd5 Bxd5 25.exd5 Rfe8 26.Nb5 Bg7 27.Bd4 Qd8 28.Rc3 Ng8 29.Be4 Bxd4 30.Nxd4 Ngf6
31.Bc2 Qb6 32.Nb5 Kg7 33.Re3 Ng8 34.Qd2 Ndf6 35.a4 Qc5 36.R1e2 Qb6 37.f4 Nd7
38.Qc3+ Ndf6 39.Nd4 Kf8 40.Qd2 Kg7 41.f5 g5 42.Rf3 Nh7 43.Rf1 Ngf6 44.Rfe1 Qc7
45.Rh2 Qd8 46.Nf3 Rg8 47.Nxg5 Nxg5 48.Qxg5+ Kh7 49.Qh4 Kh6 50.Rhe2  1-0

[Event "Budapest FS10 GM"]
[Site "Budapest"]
[Date "1993.??.??"]
[Round "6"]
[White "Loginov, Valery A"]
[Black "Avrukh, Boris"]
[Result "0-1"]
[WhiteElo "2505"]
[BlackElo "2440"]

1.Nf3 Nf6 2.g3 g6 3.c4 Bg7 4.Bg2 O-O 5.O-O c5 6.Nc3 Nc6 7.d4 cxd4 8.Nxd4 Ng4
9.e3 d6 10.b3 Nxd4 11.exd4 Nh6 12.Bd2 Nf5 13.d5 a6 14.a4 Bd7 15.a5 Rb8 16.Ra3 b5
17.axb6 Qxb6 18.Ne4 Bb2 19.Ba5 Qa7 20.Ra2 Bd4 21.Qd3 h5 22.Rd1 Rfc8 23.h3 Be5
24.Kh1 Nd4 25.b4 Bf5 26.f4 Bg7 27.Kh2 Qd7 28.Qf1 Nb3 29.Rb1 Nxa5 30.Rxa5 Qc7
31.c5 Rxb4 32.Rxb4 Qxa5 33.Rb7 Bxe4 34.Bxe4 Qxc5 35.Rxe7 h4 36.gxh4 Bf6 37.Rb7 Qe3
38.Bg2 Rc1 39.Rb3 Qc5 40.Qe2 Bxh4 41.Qe3 Qc4 42.Rb4 Qxb4 43.Qxc1 a5 44.f5 g5
45.Bf1 Qd4 46.Qc2 a4 47.Bc4 Qe5+ 48.Kg1 Qe3+  0-1

[Event "Budapest FS10 GM"]
[Site "Budapest"]
[Date "1993.??.??"]
[Round "8"]
[White "Anic, Darko"]
[Black "Urban, Julian"]
[Result "1-0"]
[WhiteElo "2440"]
[BlackElo "2340"]

1.Nf3 Nf6 2.c4 g6 3.g3 Bg7 4.Bg2 O-O 5.O-O d6 6.d4 Bg4 7.h3 Bxf3 8.exf3 Nc6
9.f4 Nd7 10.Be3 Nb6 11.Na3 e6 12.Qd2 d5 13.c5 Nc8 14.b4 a6 15.Nc2 N8e7 16.g4 Qd7
17.a4 h5 18.Bf3 hxg4 19.hxg4 g5 20.fxg5 Ng6 21.Be2 e5 22.Rfd1 Nxd4 23.Nxd4 exd4
24.Bxd4 Bxd4 25.Qxd4 Rfe8 26.Bf3 c6 27.Re1 Rxe1+ 28.Rxe1 Re8 29.Rxe8+ Qxe8
30.Kf1 Nh4 31.Bd1 Qe7 32.f4 Qc7 33.Kf2 Ng6 34.Kf3 Qe7 35.Qe3 Qc7 36.Bc2 Nf8
37.a5 Ne6 38.g6 d4 39.Qe4 Qe7 40.Bb3 Qh4 41.gxf7+ Kf8 42.Qxe6 Qh1+ 43.Kg3  1-0

[Event "Budapest FS12 GM"]
[Site "Budapest"]
[Date "1993.??.??"]
[Round "8"]
[White "Loginov, Valery A"]
[Black "Purtov, Andrei"]
[Result "1-0"]
[WhiteElo "2505"]
[BlackElo "2430"]

1.Nf3 Nf6 2.g3 g6 3.c4 Bg7 4.Bg2 O-O 5.O-O d6 6.d4 Nc6 7.Nc3 e5 8.dxe5 dxe5
9.Bg5 Be6 10.Qa4 Qc8 11.Rfd1 Re8 12.Rac1 Nd7 13.Nd2 Nb6 14.Qa3 h6 15.Be3 Nd4
16.c5 Nd7 17.Nf3 Nf5 18.Bd2 Bf8 19.e4 Nd4 20.Nxd4 exd4 21.Nb5 b6 22.Nxd4 Bg4
23.f3 Bxc5 24.Qc3 Be6 25.Bxh6 Bxa2 26.Kh1 Ne5 27.Ra1 Bc4 28.Nc6  1-0

[Event "Budapest FS11 GM"]
[Site "Budapest"]
[Date "1993.??.??"]
[Round "8"]
[White "Loginov, Valery A"]
[Black "Wells, Peter K"]
[Result "0-1"]
[WhiteElo "2505"]
[BlackElo "2455"]

1.Nf3 Nf6 2.g3 g6 3.c4 Bg7 4.Bg2 O-O 5.O-O c6 6.d4 d6 7.Nc3 Qa5 8.h3 Qa6
9.b3 b5 10.cxb5 cxb5 11.a4 b4 12.Nb5 Qb6 13.Nh2 Bb7 14.d5 a6 15.Be3 Qa5 16.Nd4 Nxd5
17.Qd3 Nd7 18.Rac1 Nc5 19.Qc4 Nxe3 20.fxe3 Bxg2 21.Kxg2 Qb6 22.Ndf3 Qb7 23.Qh4 Rac8
24.Kg1 Ne4 25.Ng4 h5 26.Nf2 Nc3 27.Kg2 Bf6  0-1

[Event "Budapest FS03 GM"]
[Site "Budapest"]
[Date "1993.??.??"]
[Round "9"]
[White "Loginov, Valery A"]
[Black "Sale, Srdjan"]
[Result "1-0"]
[WhiteElo "2505"]
[BlackElo "2350"]

1.Nf3 Nf6 2.g3 g6 3.Bg2 Bg7 4.c4 O-O 5.O-O c6 6.d4 d6 7.Nc3 Qa5 8.h3 e5 9.e4 Nbd7
10.Be3 Nb6 11.dxe5 dxe5 12.Nd2 Qa6 13.b3 Be6 14.Qc2 Qa3 15.c5 Nbd7 16.Na4 Qb4
17.Nb2 b5 18.a4 bxa4 19.Rxa4 Qb8 20.Nbc4 Qc7 21.Rfa1 Rfb8 22.Nb6 Nxb6 23.cxb6 Qd7
24.Rxa7 Rxa7 25.bxa7 Ra8 26.Ra6  1-0

[Event "Budapest FS04 GM"]
[Site "Budapest"]
[Date "1993.??.??"]
[Round "9"]
[White "Loginov, Valery A"]
[Black "Horvath, Jozsef"]
[Result "1-0"]
[WhiteElo "2505"]
[BlackElo "2535"]

1.Nf3 Nf6 2.g3 g6 3.c4 Bg7 4.Bg2 O-O 5.O-O d5 6.cxd5 Nxd5 7.d4 Nb6 8.Nc3 Nc6
9.e3 Re8 10.Ne1 e5 11.d5 Na5 12.e4 c6 13.a4 cxd5 14.exd5 f5 15.Nd3 Nbc4 16.Rb1 e4
17.Nf4 Qb6 18.Nb5 a6 19.b3 axb5 20.bxc4 Nxc4 21.Rxb5 Qa6 22.d6 Nxd6 23.Qb3+ Nf7
24.a5 Rd8 25.Bb2 Bxb2 26.Qxb2 Bd7 27.Rc5 Rac8 28.Rfc1 Rxc5 29.Rxc5 Qd6 30.Rd5 Qc7
31.h4 Bc8 32.Bf1 e3 33.Rxd8+ Qxd8 34.fxe3 Qxa5 35.Bc4 Qc7 36.Qd4 Kf8 37.Bxf7 Kxf7
38.Qh8 Qc1+ 39.Kh2 Qd2+ 40.Kh3 Qxe3 41.Qxc8 Qf3 42.Qc4+ Kg7 43.Qd4+ Kf7 44.Kh2 Qc6
45.Qh8  1-0

[Event "Budapest FS07 IM-A"]
[Site "Budapest"]
[Date "1993.??.??"]
[Round "10"]
[White "Kustar, Sandor"]
[Black "Kahn, Evarth"]
[Result "1/2-1/2"]
[WhiteElo "2335"]
[BlackElo "2390"]

1.Nf3 Nf6 2.c4 g6 3.g3 Bg7 4.Bg2 O-O 5.O-O d6 6.d4 Nbd7 7.Nc3 e5 8.e4 exd4
9.Nxd4 Re8 10.h3 Nc5 11.Re1 a5 12.b3 Bd7 13.Bf4 Bc6 14.Nxc6 bxc6 15.e5 dxe5
16.Be3 Nd3 17.Bxc6 Nxe1 18.Qxe1 Qe7 19.Bxa8 Rxa8 20.Rd1 Qe6 21.Kh2 c6 22.Na4 Qf5
23.Rd6 h5 24.Rxc6 Rd8 25.c5 Ne4 26.Qe2 Bf6 27.f3 Ng5 28.Bxg5 Bxg5 29.Rd6 Rxd6
30.cxd6 h4 31.g4 Qf4+ 32.Kh1 Qg3 33.Nc5 Qxh3+ 34.Kg1 Qg3+ 35.Kf1 h3 36.Ne4 Qf4
37.Nxg5 Qc1+ 38.Kf2 h2 39.Qxe5 Qg1+ 40.Ke2 h1=Q 41.Qe8+ Kg7 42.Qe5+ Kg8 43.Qe8+ Kg7
44.Qe5+  1/2-1/2

[Event "Budapest FS04 GM"]
[Site "Budapest"]
[Date "1993.??.??"]
[Round "11"]
[White "Loginov, Valery A"]
[Black "Dolgener, Tobias"]
[Result "1/2-1/2"]
[WhiteElo "2505"]
[BlackElo "2270"]

1.Nf3 Nf6 2.g3 g6 3.Bg2 Bg7 4.c4 O-O 5.d4 d6 6.O-O Nbd7 7.Qc2 e5 8.Rd1 exd4
9.Nxd4 Re8 10.Nc3 a6 11.b3 Rb8 12.e4 c5 13.Nde2 b5 14.Bf4 Ne5 15.cxb5 axb5
16.Rd2 b4 17.Na4 Qe7 18.Rad1 Bg4 19.Bxe5 Qxe5 20.f3 Bd7 21.Nb2 Bb5 22.Nc4 Bxc4
23.Qxc4 Rbd8 24.Rd3 Qb2 25.Rxd6 Rxd6 26.Rxd6 Qxa2 27.Bf1 Qb2 28.Rd3 Qe5 29.Nf4 Bh6
30.Ne2 Qe7 31.Bg2 Rd8 32.f4 Rxd3 33.Qxd3 Qd7 34.Nc1 Bf8 35.Qxd7 Nxd7 36.Bf1 Nb6
37.Kf2 f6 38.Ke3 Kf7 39.Bb5 Bd6 40.Nd3 Ke6 41.Nb2 Bc7 42.Bc4+ Ke7 43.Kd3 h5
44.h4 g5 45.Ke3 g4 46.Kd3 Bb8 47.Bb5 Bd6 48.Bc6 Bc7 49.Bb7 Bd6 50.Ba6 Bc7
51.Ke3 Bb8 52.Nd3 Ba7 53.Ke2 Nd7 54.Bc8 Nb8 55.Bb7 Nd7 56.Bc6 Nf8 57.Bd5 Nd7
58.Nb2 Nb6 59.Bg8 Bb8 60.Kd3 Bc7 61.Na4 c4+ 62.Bxc4 Nxa4 63.bxa4 Bb6 64.Ke2 Kf8
65.Bb3 Ke7 66.Bd5 Kf8 67.Kd3 Bf2 68.a5 Bxg3 69.a6 Bf2 70.Kc4 Ke7 71.e5 fxe5
72.fxe5 g3 73.Kxb4 g2 74.Bxg2 Ke6 75.Bf3 Kxe5  1/2-1/2

[Event "Budapest FS03 GM"]
[Site "Budapest"]
[Date "1993.??.??"]
[Round "11"]
[White "Loginov, Valery A"]
[Black "Arduman, Can"]
[Result "1-0"]
[WhiteElo "2505"]
[BlackElo "2355"]

1.Nf3 Nf6 2.g3 g6 3.Bg2 Bg7 4.c4 O-O 5.O-O d6 6.d4 c6 7.Nc3 Qa5 8.h3 e5 9.e4 Nbd7
10.Re1 exd4 11.Nxd4 Ne5 12.Bf1 Re8 13.Rb1 Be6 14.b4 Qc7 15.f4 Ned7 16.Be3 Nf8
17.Bf2 Rad8 18.Nxe6 Nxe6 19.Rc1 Qb8 20.Qa4 a6 21.Bg2 Rd7 22.Red1 h5 23.b5 axb5
24.cxb5 c5 25.b6 Qd8 26.e5 Nh7 27.Ne4 Nd4 28.Bxd4 cxd4 29.Nxd6 Rf8 30.Nxb7 Rxb7
31.Bxb7 Qxb6 32.Rb1 Qe6 33.Bg2 g5 34.Rxd4 h4 35.Rd6 Qc8 36.Rc6 Qd8 37.Rd1 Qb8
38.gxh4 gxf4 39.Qxf4 Bxe5 40.Qf5 Re8 41.Kh1  1-0

[Event "Budapest FS12 IM-A"]
[Site "Budapest"]
[Date "1993.??.??"]
[Round "12"]
[White "Almeida Saenz, Alfonso"]
[Black "Zimmerman, Yuri"]
[Result "1-0"]
[WhiteElo "2330"]
[BlackElo "2325"]

1.c4 Nf6 2.Nf3 g6 3.g3 Bg7 4.Bg2 O-O 5.O-O d6 6.d4 Nc6 7.Nc3 a6 8.d5 Na5
9.b3 c5 10.dxc6 Nxc6 11.Bb2 Ne4 12.Qc1 Nxc3 13.Bxc3 Bxc3 14.Qxc3 Qa5 15.Qe3 Qh5
16.Rfd1 Be6 17.Rd2 Rab8 18.Rad1 Kg7 19.Ng5 Ne5 20.h3 Bc8 21.f4 Nc6 22.g4 Qh4
23.c5 dxc5 24.Bxc6 bxc6 25.Qxc5 f6 26.Qxe7+ Kg8 27.Rd8  1-0

[Event "Budapest FS09 GM"]
[Site "Budapest"]
[Date "1993.??.??"]
[Round "12"]
[White "Loginov, Valery A"]
[Black "Shabtai, Ran"]
[Result "1-0"]
[WhiteElo "2505"]
[BlackElo "2350"]

1.Nf3 Nf6 2.g3 g6 3.c4 Bg7 4.Bg2 O-O 5.O-O c6 6.d4 d5 7.Qb3 dxc4 8.Qxc4 Na6
9.Nc3 Be6 10.Qa4 Qb6 11.e4 Rad8 12.h3 c5 13.d5 Bd7 14.Qb3 e6 15.Bf4 exd5
16.exd5 Rfe8 17.Rfe1 Rxe1+ 18.Nxe1 Rc8 19.Nc2 c4 20.Qxb6 axb6 21.Rd1 Nc5
22.Nb4 Na4 23.Nxa4 Bxa4 24.Rb1 Bf8 25.d6 Rd8 26.b3 cxb3 27.axb3 Bb5 28.Bxb7 Bxd6
29.Rd1 Be7 30.Rxd8+ Bxd8 31.Nc6 Bxc6 32.Bxc6 Kf8 33.Bg5 Kg7 34.Kf1 h6 35.Be3 Ng8
36.g4 Ne7 37.Be4 f5 38.Bf3 Ng8 39.gxf5 gxf5 40.Ke2 Nf6 41.Kd3 Nh7 42.Bg2 Kg6
43.Kc4 Ng5 44.Kb5 Kh5 45.Bxb6 Bf6 46.Kc4 Kh4 47.Bc7 Nxh3 48.b4 Nxf2 49.b5 Ng4
50.b6 Ne3+ 51.Kd3 Nxg2 52.b7 Bg5 53.b8=Q f4 54.Ke4 Kg3 55.Qb3+ Kh2 56.Kf3  1-0

[Event "Budapest FS11 GM"]
[Site "Budapest"]
[Date "1993.??.??"]
[Round "12"]
[White "Loginov, Valery A"]
[Black "Sutovskij, Emil"]
[Result "1-0"]
[WhiteElo "2505"]
[BlackElo "2410"]

1.Nf3 Nf6 2.g3 g6 3.c4 Bg7 4.Bg2 O-O 5.O-O d6 6.d4 c5 7.Nc3 Nc6 8.d5 Na5
9.Nd2 e5 10.a3 b6 11.b4 Nb7 12.Rb1 Ng4 13.h3 Nh6 14.Nde4 f6 15.bxc5 bxc5
16.Be3 Nf7 17.Qc1 Na5 18.Na4 Ba6 19.Naxc5 dxc5 20.Nxc5 Bxc4 21.Ne6 Qc8 22.Qc3 Nb7
23.Nxf8 Bxf8 24.Rxb7 Qxb7 25.Qxc4 Rc8 26.Qa4 Nd6 27.Qxa7 Qb3 28.a4 Nf5 29.Qa6 Rc5
30.Qxf6 Bd6 31.Bh6 Qb7 32.Qe6+ Qf7 33.Rc1 Qxe6 34.dxe6 Rxc1+ 35.Bxc1 Nd4
36.Bd5 Kg7 37.Kf1 Kf6 38.a5 Nb5 39.a6 Bc5 40.h4 Ke7 41.Bg5+ Kd6 42.e7 Nc7
43.Bf7 Kd7 44.e8=Q+  1-0

[Event "Budapest FS06 GM"]
[Site "Budapest"]
[Date "1993.??.??"]
[Round "13"]
[White "Loginov, Valery A"]
[Black "Magyar, Otto"]
[Result "1/2-1/2"]
[WhiteElo "2505"]
[BlackElo "2390"]

1.Nf3 Nf6 2.g3 g6 3.Bg2 Bg7 4.c4 O-O 5.d4 c6 6.O-O d5 7.Qb3 Qb6 8.Nc3 Na6
9.h3 dxc4 10.Qxc4 Be6 11.Qa4 Bd5 12.Nxd5 cxd5 13.Ne5 Qb4 14.Qd1 Ne4 15.Qd3 Rfd8
16.a3 Qb6 17.Be3 f5 18.b4 Rac8 19.Rac1 Nc7 20.Rc2 Nb5 21.Nd7 Qa6 22.Nc5 Nxc5
23.dxc5 e6 24.Rfc1 Rc6 25.Ra2 Qa4 26.Rcc2 a6 27.g4 Kh8 28.Bg5 Rf8 29.e3 Rcc8
30.Rc1 Rfe8 31.gxf5 gxf5 32.f4 Nd6 33.Qd1 Qxd1+ 34.Rxd1 Nc4 35.Kf2 b6 36.Bf3 Rc6
37.cxb6 Nxb6 38.Be2 Nc4 39.a4 Rb8 40.Be7 Bc3 41.Rc2 Bxb4 42.Bf6+ Kg8 43.Bh5 Kf8
44.Rg1 Rbc8 45.Bg7+ Ke7 46.Bd4 Nd6 47.Rg7+ Kf8 48.Rxc6 Rxc6 49.Rxh7 Rc2+
50.Kf1 Ne4 51.Rf7+ Kg8 52.Rg7+ Kf8 53.Rf7+ Kg8  1/2-1/2

[Event "Buenos Aires FMD op"]
[Site "Buenos Aires"]
[Date "1993.??.??"]
[Round "1"]
[White "Szmetan, Jorge"]
[Black "Rivero, Jose Luis"]
[Result "1-0"]
[WhiteElo "2415"]
[BlackElo "2190"]

1.Nf3 Nf6 2.c4 g6 3.g3 Bg7 4.Bg2 O-O 5.O-O d5 6.cxd5 Nxd5 7.d4 Nb6 8.Nc3 Nc6
9.e3 e5 10.d5 Na5 11.e4 Nac4 12.b3 Nd6 13.a4 Bg4 14.Qd3 Bxf3 15.Bxf3 f5 16.Ba3 a6
17.Rac1 Rc8 18.Bg2 Qf6 19.Rc2 Rfd8 20.Bh3 Nd7 21.f3 Rf8 22.Nd1 h5 23.exf5 gxf5
24.Bxd6 cxd6 25.Rxc8 Rxc8 26.Qxf5 Qxf5 27.Bxf5 Rc7 28.Be6+ Kf8 29.Bxd7 Rxd7
30.Nf2 Rc7 31.Ne4 Ke7 32.g4 hxg4 33.fxg4 Rc2 34.g5 Re2 35.Ng3 Rd2 36.Nf5+ Kf7
37.Nxd6+ Kg6 38.h4 Rxd5 39.Nf5 Bf8 40.Ng3 Bc5+ 41.Kg2 Rd2+ 42.Kh3 Rd3 43.Rf6+ Kg7
44.Kg4 Rxb3 45.Nf5+ Kh8 46.g6 Rb6 47.Kg5  1-0

[Event "Buenos Aires op2"]
[Site "Buenos Aires"]
[Date "1993.??.??"]
[Round "5"]
[White "Szmetan, Jorge"]
[Black "Rodriguez, Jorge Luis"]
[Result "0-1"]
[WhiteElo "2420"]
[BlackElo "2365"]

1.Nf3 Nf6 2.c4 g6 3.g3 Bg7 4.Bg2 O-O 5.O-O d6 6.d4 Nbd7 7.Nc3 e5 8.e4 exd4
9.Nxd4 Re8 10.h3 Nc5 11.Re1 Bd7 12.Rb1 a5 13.b3 Qc8 14.Kh2 Re5 15.g4 h5 16.g5 Nh7
17.f4 Re8 18.Bb2 c6 19.Qd2 Qc7 20.Kh1 f6 21.h4 Bg4 22.Rf1 f5 23.Rbe1 Nf8
24.Re3 Qf7 25.Kh2 Re7 26.exf5 Rxe3 27.Qxe3 Re8 28.fxg6 Nxg6 29.Qd2 Nxh4 30.Bh1 a4
31.Rf2 axb3 32.axb3 Qg6 33.Nce2 Qd3 34.Ng3 Re3 35.Nf1 Rh3+ 36.Kg1 Ne4 37.Qe1 Nxf2
38.Qxf2 Bxd4 39.Bxd4 Nf3+ 40.Bxf3 Rxf3  0-1